Normal view
MARC view
- Abdul Rahim Said
Entry Personal Name
001 - CONTROL NUMBER
- control field: 6153
003 - CONTROL NUMBER IDENTIFIER
- control field: OSt
005 - DATE AND TIME OF LATEST TRANSACTION
- control field: 20170518164930.0
008 - FIXED-LENGTH DATA ELEMENTS
- fixed length control field: 170518|| aca||aabn | a|a d
040 ## - CATALOGING SOURCE
- Original cataloging agency: OSt
- Transcribing agency: OSt
100 ## - HEADING--PERSONAL NAME
- Personal name: Abdul Rahim Said
670 ## - SOURCE DATA FOUND
- Source citation: Work cat.: (OSt)0: Mansor Ahmad Saman, 1949- 3023, Perutusan dalam pengurusan :, 1989

PORTAL AKMAL
E-MEL JKDM
AKMAL2U
G-BAM
u-PUSTAKA